JILIKISE KHOJ JAR SAMAY BALIT (Record no. 5156)
[ view plain ]
| 000 -LEADER | |
|---|---|
| fixed length control field | 00418cam a2200169ua 4500 |
| 008 - FIXED-LENGTH DATA ELEMENTS--GENERAL INFORMATION | |
| fixed length control field | 190403n II |||gr||||Z||||||asm |
| 040 ## - CATALOGING SOURCE | |
| Original cataloging agency | MAIN |
| 041 ## - LANGUAGE CODE | |
| -- | English |
| 082 ## - DEWEY DECIMAL CLASSIFICATION NUMBER | |
| Classification number | 891.451 31 HAZ |
| 100 ## - MAIN ENTRY--PERSONAL NAME | |
| Personal name | HAZARIKA, BIDYA KANTA. |
| 245 ## - TITLE STATEMENT | |
| Title | JILIKISE KHOJ JAR SAMAY BALIT |
| 260 ## - PUBLICATION, DISTRIBUTION, ETC. | |
| Place of publication, distribution, etc. | [s.l]: |
| Name of publisher, distributor, etc. | AMON ANGHSUMAN PRAKASHAN, |
| Date of publication, distribution, etc. | 1993. |
| 300 ## - PHYSICAL DESCRIPTION | |
| Extent | 142.: |
| Dimensions | 20CM. |
| 942 ## - ADDED ENTRY ELEMENTS (KOHA) | |
| Koha item type | Books |
| 653 ## - INDEX TERM--UNCONTROLLED | |
| Uncontrolled term | Asomiya Novels |
| Withdrawn status | Lost status | Damaged status | Not for loan | Collection code | Home library | Current library | Shelving location | Date acquired | Full call number | Barcode | Date last seen | Copy number | Price effective from | Koha item type | Public note |
|---|---|---|---|---|---|---|---|---|---|---|---|---|---|---|---|
| REFASM | Central Library and Information Centre Sibsagar Girls College | Central Library and Information Centre Sibsagar Girls College | Assamese Fiction | 19.06.1995 | 891.451 31 HAZ | 13293 | 27.02.2020 | 1 | 27.02.2020 | Books | |||||
| REFASM | Central Library and Information Centre Sibsagar Girls College | Central Library and Information Centre Sibsagar Girls College | Assamese Fiction | 19.06.1995 | 891.451 31 HAZ | 13294 | 27.02.2020 | 2 | 27.02.2020 | Books | |||||
| TBPSC | Central Library and Information Centre Sibsagar Girls College | Central Library and Information Centre Sibsagar Girls College | POLITICAL SC BOOK RACK | 19.06.1995 | 891.451 31 HAZ | 13295 | 27.02.2020 | 3 | 27.02.2020 | Books | V | ||||
| REFASM | Central Library and Information Centre Sibsagar Girls College | Central Library and Information Centre Sibsagar Girls College | Assamese Fiction | 19.06.1995 | 891.451 31 HAZ | 13296 | 27.02.2020 | 4 | 27.02.2020 | Books | |||||
| REFEDU | Central Library and Information Centre Sibsagar Girls College | Central Library and Information Centre Sibsagar Girls College | Women Studies | 19.06.1995 | 891.451 31 HAZ | 13297 | 27.02.2020 | 5 | 27.02.2020 | Books |